Whirlpool pod Tatrami

Uloženo v:
Podrobná bibliografie
Médium: Seriál
Jazyk:slovenština
Vydáno: Poprad : Whirlpool Slovakia
Témata:
On-line přístup: Získat plný text
Tagy: Přidat tag
Žádné tagy, Buďte první, kdo vytvoří štítek k tomuto záznamu!

MARC

LEADER 00000nas a2200000 4500
003 SK-BrCVT
005 20250203130147.0
008 060515d19962004xo e b slo
035 |a CVTIDW1270587 
040 |b slo  |a BA002  |e AACR2  |c CVTI SR  |d CVT 
041 0 |a slo 
044 |a xo 
080 |a 648.23(05)  |2 UDC-MRF 
245 1 0 |a Whirlpool pod Tatrami 
260 |a Poprad :  |b Whirlpool Slovakia 
310 |a Dvojmesačník 
500 |a Vo fonde od roku:1997 
500 |a Od r. 2004 zrušený. 
653 0 |a výroba práčok 
655 4 |a firemný časopis  |9 46047 
910 |b C89F 
942 |2 udc  |c 15 
999 |c 167854  |d 167854 
974 |b Soňa Beutelhauserová